Cargando...
Marx's interpretation of history /
| Autor principal: | |
|---|---|
| Lenguaje: | Undetermined |
| Publicado: |
New York :
OUP ,
1979.
|
| LEADER | 00454nam a2200133Ia 4500 | ||
|---|---|---|---|
| 001 | 87476 | ||
| 008 | 170722s9999 xx 000 0 und d | ||
| 100 | |a Rader, Melvin | ||
| 245 | |a Marx's interpretation of history / | ||
| 260 | |a New York : |b OUP , |c 1979. | ||
| 300 | |a Ppxxiv+242 |c 21cms | ||
| 942 | |c GEN | ||
| 999 | |c 102360 |d 102360 | ||
| 952 | |0 0 |1 0 |4 0 |6 VOBXM_2XM18_L9 |7 0 |8 LC1 |9 144000 |a LIB |b LIB |d 2017-08-12 |h LC1 |l 2 |o VobXM2xM18 L9 |p 192167 |r 2019-01-10 |s 2018-12-06 |w 2017-08-12 |y GEN | ||